000 00352nam a2200133Ia 4500
008 140316s9999 xx 000 0 und d
082 _a636 .39 ICAR
_bCIR/VI
100 _a
245 _aVision 2020 : CIRG perspective plan
260 _aNew Delhi
_bIndian council of agricultural research
_c1997
300 _a37
700 _aCIRG
942 _2ddc
_cREF
999 _c19068
_d19068